| 000 | 00736nam a22002297a 4500 | ||
|---|---|---|---|
| 999 |
_c12499 _d12499 |
||
| 003 | AR-CdUCM | ||
| 008 | 190409b ||||| |||| 00| 0 spa d | ||
| 020 | _a9972-9651-0-4 | ||
| 040 |
_aMUNICIPALIDAD PROVINCIAL DEL CUSCO _cBIBLIOTECA MUNICIPAL DEL CUSCO |
||
| 041 | _hfr | ||
| 082 |
_aEP / 808.8 / _bSA16 |
||
| 100 |
_aSaint Exupéry, Antoine de _914004 |
||
| 245 |
_aQuyllur llaqtayuq wawamanta : _bQillqaqpa dibuhunkunanti / |
||
| 260 |
_aCusco : _bGallimard, _c2002. |
||
| 300 |
_a91 paginas, VIII : _bIlustraciones, Graficos, Dibujos, _c30 cm. |
||
| 500 | _aCuentos infantiles | ||
| 650 |
_aTexto educativo _925832 |
||
| 650 |
_aCuentos _9217 |
||
| 650 |
_aLiteratura _983 |
||
| 942 |
_2ddc _cLIBROS |
||
| 945 |
_apjha _d2019-04-09 |
||